"Джангар" в евразийском пространстве (Запись № 1094631)

Подробности
000 -МАРКЕР
контрольное поле 02215nam0a2200385 4500
001 - ИДЕНТИФИКАТОР ЗАПИСИ
контрольное поле RU\NLR\bibl\797262
005 - ИДЕНТИФИКАТОР ВЕРСИИ
контрольное поле 20260407112916.0
010 ## - МЕЖДУНАРОДНЫЙ СТАНДАРТНЫЙ НОМЕР КНИГИ (ISBN)
Номер (ISBN) 5-230-20203-3
Тираж 130
021 ## - НОМЕР ГОСУДАРСТВЕННОЙ РЕГИСТРАЦИИ
Код страны Российская Федерация
Номер 2005-5877
Номер Листа государственной регистраци 298
035 ## - ДРУГИЕ СИСТЕМНЫЕ НОМЕРА
Идентификатор записи (NLR Aleph) 000786461
100 ## - ДАННЫЕ ОБЩЕЙ ОБРАБОТКИ
Данные общей обработки 20050511d2004 |||y0rusy50 ca
101 0# - ЯЗЫК РЕСУРСА
Язык текста, звукозаписи и т.д. русский
-- английский
-- калмыцкий
-- монгольский
102 ## - СТРАНА ПУБЛИКАЦИИ ИЛИ ПРОИЗВОДСТВА
Страна публикации Российская Федерация
105 ## - ПОЛЕ КОДИРОВАННЫХ ДАННЫХ: ТЕКСТОВЫЕ МАТЕРИАЛЫ, МОНОГРАФИЧЕСКИЕ
Кодированные данные о монографическом текстовом документе y |||||||||
200 1# - ЗАГЛАВИЕ И СВЕДЕНИЯ ОБ ОТВЕТСТВЕННОСТИ
Основное заглавие "Джангар" в евразийском пространстве
Параллельное заглавие "Djanggar" in Eurasia
Сведения, относящиеся к заглавию материалы международной научной конференции (27 сентября - 2 октября 2004 г.)
-- [к 200-летию первой публикации калмыцкого героического эпоса "Джангар"
Первые сведения об ответственности редкол.: Борликов Г.М. (отв. ред.) и др.]
Язык параллельного заглавия английский
210 ## - ПУБЛИКАЦИЯ, РАСПРОСТРАНЕНИЕ И ДР.
Место издания, распространения и т.д. Элиста
Имя издателя, распространителя и т. д. КалмГУ
Дата издания, распространения и т.д. 2004
215 ## - ФИЗИЧЕСКАЯ ХАРАКТЕРИСТИКА
Специфическое обозначение материала и объем 332 с.
Размеры 29
300 ## - ОБЩИЕ ПРИМЕЧАНИЯ
Текст примечания Загл. также на калм. яз.
300 ## - ОБЩИЕ ПРИМЕЧАНИЯ
Текст примечания В надзаг.: Правительство Респ. Калмыкия, М-во образования и науки Рос. Федерации, Калм. гос. ун-т, Рос. гуманит. науч. фонд
300 ## - ОБЩИЕ ПРИМЕЧАНИЯ
Текст примечания Текст докл. на рус., англ., калм. яз. и монгол. яз.
320 ## - ПРИМЕЧАНИЯ О НАЛИЧИИ В ДОКУМЕНТЕ БИБЛИОГРАФИИ / УКАЗАТЕЛЯ
Текст примечания Библиогр. в конце докл.
510 1# - ПАРАЛЛЕЛЬНОЕ ЗАГЛАВИЕ
Параллельное заглавие "Djanggar" in Eurasia
Язык заглавия английский
605 ## - ЗАГЛАВИЕ КАК ПРЕДМЕТ
Начальный элемент ввода "Джангар"
Формальный подзаголовок Сборники
Сведения, относящиеся к заглавию / сведения о виде, жанре, характере документа калмыцкий героический эпос
Системный номер авторитетной/нормативной записи 964980
Идентификатор авторитетной/нормативной записи RU\NLR\auth\66361034
605 ## - ЗАГЛАВИЕ КАК ПРЕДМЕТ
Начальный элемент ввода "Джангар"
Формальный подзаголовок Съезды, совещания и т.п.
Сведения, относящиеся к заглавию / сведения о виде, жанре, характере документа калмыцкий героический эпос
Системный номер авторитетной/нормативной записи 964980
Идентификатор авторитетной/нормативной записи RU\NLR\auth\66361034
686 ## - ИНДЕКСЫ ДРУГИХ КЛАССИФИКАЦИЙ
Индекс Ш3(235=Калм)-611
702 #1 - ИМЯ ЛИЦА - ВТОРИЧНАЯ ОТВЕТСТВЕННОСТЬ
Начальный элемент ввода Борликов
Часть имени, кроме начального элемента ввода Г. М.
Расширение инициалов личного имени Герман Манджиевич
Код отношения Редактор
711 12 - НАИМЕНОВАНИЕ ОРГАНИЗАЦИИ - АЛЬТЕРНАТИВНАЯ ОТВЕТСТВЕННОСТЬ
Начальный элемент ввода "Джангар" в евразийском пространстве", международная научная конференция
Дата проведения временной организации 2004
Место проведения временной организации Элиста
Идентификатор авторитетной/нормативной записи RU\NLR\AUTH\8810064943
Системный номер авторитетной/нормативной записи 631456
801 #0 - ИСТОЧНИК ЗАПИСИ
Страна Российская Федерация
Организация NLR
Дата составления 20050511
Правила каталогизации rcr
801 #1 - ИСТОЧНИК ЗАПИСИ
Страна Российская Федерация
Организация NLR
Дата составления 20050511
942 ## - ДОПОЛНИТЕЛЬНЫЕ ЭЛЕМЕНТЫ ЗАПИСИ (АБИС)
Тип экземпляра АБИС Книга
980 ## - КОЛЛЕКЦИЯ
Название коллекции Национальная библиография
Экземпляры
Тип экземпляра Дата поступления Источник поступления Библиотека постоянного хранения Библиотека текущего хранения Место хранения Шифр хранения Штрих-код Статус экземпляра
Книга 11.05.2005 Обязательный экземпляр РНБ (Московский) РНБ (Московский) Русский книжный фонд: издания с 1957 года 2005-8/1293 914884  
Книга 11.05.2005 Обязательный экземпляр РНБ (Московский) РНБ (Московский) Русский книжный фонд: издания с 1957 года 2005-8/1293 1-4759522